01897nam a2200265 i 4500001000400000003000400004005001700008008003900025040000800064080002300072100016700095245018400262260002100446500002100467520022900488650001600717700016900733700016300902700016601065700017001231700016401401942001201565999001501577952003901592BPPBPK20171114124513.0140415s1985 pl f |000 0 pol cBPK a635.1/.7:631.563.9 aWIEROWSKI, Henryk.d1968 - 1991.bWyższa Szkoła Inżynierska w Koszalinie - Instytut Budownictwa,cZakład Budownictwa Ogólnego, Rolniczego i Przemysłowego aBadanie eksploatacyjne przechowalni typu specjalistycznego i uniwersalnego /cJan Diaczuk, Henryk Dzierbanowicz, Maciej Kapsa, Krzysztof Majka, Jerzy Milanowski, Henryk Wierowski. aKoszalin,c1985. aDane z autopsji. aBadania dotyczyły prawidłowości działania instalacji wentylacyjnej i jej poszczególnych elementów oraz przepływów powietrza wewnątrz komory i określenie skuteczności działania poziomego systemu wentylacji. 0aWentylacja. aMILANOWSKI, Jerzy.d1974 - 1993.bWyższa Szkoła Inżynierska w Koszalinie - Instytut Konstrukcji i Eksploatacji Maszyn,cZakład Maszyn Przemysłu Spożywczego aKAPSA, Maciej.d1976 - 1991.bWyższa Szkoła Inżynierska w Koszalinie - Instytut Budownictwa,cZakład Budownictwa Ogólnego, Rolniczego i Przemysłowego aMAJKA, Krzysztof.d1973 - 1996.bWyższa Szkoła Inżynierska w Koszalinie - Instytut Konstrukcji i Eksploatacji Maszyn,cZakład Termodynamiki i Chłodnictwa aDZIERBANOWICZ, Henryk.d1976 - 1985.bWyższa Szkoła Inżynierska w Koszalinie - Instytut Konstrukcji i Eksploatacji Maszyn,cZakład Termodynamiki i Chłodnictwa aDIACZUK, Jan.d1976 - 1993.bWyższa Szkoła Inżynierska w Koszalinie - Instytut Konstrukcji i Eksploatacji Maszyn,cZakład Maszyn Przemysłu Spożywczego cMN2UKD c1951d1951 00104070aBPKbBPKoNB-178/IyMN